A Fighter plane from every nation - Statistics

General Stats
  • This quiz has been taken 18 times
  • The average score is 25 of 41
Answer Stats
Picture Answer % Correct
United States
100%
Canada
93%
China
93%
France
93%
Germany
93%
Israel
93%
Japan
93%
Russia
93%
United Kingdom
93%
Finland
87%
Sweden
87%
India
80%
Spain
80%
Switzerland
80%
Iran
73%
Italy
67%
Poland
67%
South Korea
67%
Soviet Union
67%
Turkey
60%
Australia
53%
Egypt
53%
Yugoslavia
53%
Austria-Hungary
47%
Mexico
47%
Netherlands
47%
Norway
47%
Romania
47%
Argentina
40%
Belgium
40%
Denmark
40%
Hungary
40%
South Africa
40%
Estonia
33%
Indonesia
33%
Taiwan
33%
Thailand
33%
Czechoslovakia
27%
Latvia
27%
Chile
20%
West Germany
13%
No matching quizzes found
Score Distribution
Percent of People with Each Score
Percentile by Number Answered
Your Score History
You have not taken this quiz